000 00618nam a22002297a 4500
999 _c377208
_d377208
001 90921
003 UA-OsUOA
005 20191223143224.0
007 ta
008 20121120b un ||||| |||| 00| 0 ukr d
040 _aUA-OsUOA
_bukr
_cUA-OsUOA
_dUA-OsUOA
041 _aukr
080 _a821.161.2
090 _a821.161.2
_bП32
100 _aПільгук І.
245 _aГрозовий ранок
_bповісті
260 _aК.
_bРад. письменник
_c1979
300 _a558 с.
650 7 _a82 Література. Літературознавство
_2UDC
942 _cBK
_2udc
955 _a3